[Event "Rhein Main op-B 20th"]
[Site "Bad Homburg"]
[Date "2017.06.16"]
[Round "4"]
[White "Zannoni, Mila"]
[Black "Stork, Christopher"]
[Result "0-1"]
[WhiteElo "1429"]
[BlackElo "1630"]
[PlyCount "150"]
[EventDate "2017.06.14"]
[EventType "swiss"]
[EventRounds "7"]
[EventCountry "GER"]
[SourceTitle "EXT 2018"]
[Source "ChessBase"]
[SourceDate "2017.10.13"]
[SourceVersion "1"]
[SourceVersionDate "2017.10.13"]
[SourceQuality "1"]

1. d4 d5 2. Nf3 c5 3. c3 e6 4. Bf4 Nf6 5. e3 Nc6 6. Nbd2 c4 7. b3 b5 8. a4 b4 9. cxb4 c3 10. Nb1 Bxb4 11. Qc2 Qa5 12. Bd3 0-0 13. 0-0 Bd7 14. Rc1 Rac8 15. Ne5 h6 16. Nxd7 Nxd7 17. Na3 a6 18. Qe2 Ncb8 19. Nc2 Rc6 20. Nxb4 Qxb4 21. Bc2 Rb6 22. Qd3 f5 23. a5 Rb5 24. Ra4 Qe7 25. Qxc3 g5 26. Bg3 f4 27. exf4 gxf4 28. Bxf4 Rxf4 29. Qg3+ Qg5 30. Qe3 Rf6 31. Qe1 e5 32. dxe5 Nxe5 33. Kh1 Nbc6 34. h3 Nxa5 35. b4 Nac4 36. Rca1 d4 37. Rxa6 d3 38. Ra8+ Rf8 39. Bxd3 Qf6 40. Bxc4+ Nxc4 41. Rxf8+ Qxf8 42. Qe6+ Qf7 43. Ra8+ Kg7 44. Ra7 Qxa7 45. Qxc4 Qb6 46. Qg4+ Rg5 47. Qd7+ Kf6 48. Qh7 Qxb4 49. Qxh6+ Rg6 50. Qh8+ Rg7 51. Qh6+ Kf7 52. Qh5+ Kg8 53. Qd5+ Rf7 54. Qg5+ Kh8 55. Qh6+ Kg8 56. Qg6+ Kf8 57. Qh6+ Ke8 58. Qe3+ Kd7 59. Qd3+ Qd6 60. Qb5+ Ke7 61. Qe2+ Kf6 62. Qf3+ Kg7 63. Qg4+ Qg6 64. Qxg6+ Kxg6 65. f3 Kg5 66. Kh2 Kh4 67. g3+ Kh5 68. f4 Rd7 69. Kg2 Rd3 70. Kf2 Kg6 71. Kg2 Kf5 72. Kf2 Ke4 73. h4 Rd2+ 74. Kf1 Kf3 75. Kg1 Kxg3 0-1